| Tag |
First Indicator |
Second Indicator |
Subfields |
| LEADER |
00000cam a2200000 4500 |
| 001 |
in00000050352 |
| 005 |
20151007071805.0 |
| 008 |
750916s1965 ncua b 00000 eng u |
| 010 |
|
|
|a 65064628
|
| 035 |
|
|
|a (OCoLC)01627557
|
| 035 |
|
|
|9 AAE6642AM
|
| 040 |
|
|
|c GZW
|d TXA
|d UtOrBLW
|
| 049 |
|
|
|a TXAM
|c [453758]
|
| 050 |
|
0 |
|a S494
|b .N6
|
| 092 |
|
|
|a 575.1
|b N864p, 1965
|
| 110 |
1 |
|
|a North Carolina State College.
|b Department of Genetics.
|
| 245 |
1 |
0 |
|a Papers on quantitative genetics and related topics.
|
| 264 |
|
1 |
|a Raleigh,
|b [publisher not identified] ;
|c [1965?]
|
| 300 |
|
|
|a viii, 526 pages :
|b illustrations ;
|c 23 cm.
|
| 336 |
|
|
|a text
|b txt
|2 rdacontent
|
| 337 |
|
|
|a unmediated
|b n
|2 rdamedia
|
| 338 |
|
|
|a volume
|b nc
|2 rdacarrier
|
| 504 |
|
|
|a Includes bibliographies.
|
| 650 |
|
0 |
|a Breeding.
|
| 650 |
|
0 |
|a Genetics.
|
| 740 |
0 |
|
|a Quantitative genetics.
|
| 999 |
|
|
|a MARS
|
| 999 |
f |
f |
|s a2ee93f3-d90f-3882-9d9f-b0cd6250bc22
|i 51da9378-6eff-33e7-b8b7-fd9b1c23d13f
|t 0
|
| 952 |
f |
f |
|p ric
|a Texas A&M University
|b Rellis Campus
|c Joint Library Facility
|d Remote Storage
|t 0
|e S494 .N6
|h Library of Congress classification
|i unmediated -- volume
|m A14800979060
|
| 998 |
f |
f |
|a S494 .N6
|t 0
|l Remote Storage
|